[Event "CZE-ch Youth B14 2022"]
[Site "Luhacovice"]
[Date "2022.03.12"]
[Round "1.8"]
[White "Fizer, Marek"]
[Black "Davidek, Zdenek"]
[Result "1-0"]
[WhiteElo "1876"]
[BlackElo "1570"]
[Annotator "NA"]
[PlyCount "91"]
[EventDate "2022.03.12"]
[EventType "swiss"]
[EventCountry "CZE"]
[SourceTitle "playchess.com"]
[Source "ChessBase"]
[SourceQuality "1"]
[TimeControl "40/5400+30:1800+30"]

1. e4 {[%emt 0:00:03]} c6 {[%emt 0:00:27]} 2. d4 {[%emt 0:00:08]} d5 {[%emt 0:00:06]} 3. Nd2 {[%emt 0:01:04]} dxe4 {[%emt 0:00:41]} 4. Nxe4 {[%emt 0:00:02]} Bf5 {[%emt 0:00:34]} 5. Ng3 {[%emt 0:00:07]} Bg6 {[%emt 0:00:06]} 6. h4 {[%emt 0:00:17]} h6 {[%emt 0:00:40]} 7. Nf3 {[%emt 0:00:09]} Nd7 {[%emt 0:00:10]} 8. h5 {[%emt 0:00:17]} Bh7 {[%emt 0:00:11]} 9. Bd3 {[%emt 0:00:23]} Bxd3 {[%emt 0:00:08]} 10. Qxd3 {[%emt 0:00:05]} e6 {[%emt 0:00:11]} 11. Bd2 {[%emt 0:00:59]} Ngf6 {[%emt 0:00:21]} 12. O-O-O {[%emt 0:00:44]} Be7 {[%emt 0:02:37]} 13. Ne4 {[%emt 0:00:46]} Nxe4 {[%emt 0:02:36]} 14. Qxe4 {[%emt 0:01:01]} Nf6 {[%emt 0:00:22]} 15. Qe2 {[%emt 0:00:09]} Qd5 {[%emt 0:01:22]} 16. c4 {[%emt 0:02:00]} Qe4 {[%emt 0:00:26]} 17. Rde1 {[%emt 0:02:33]} Qxe2 {[%emt 0:04:05]} 18. Rxe2 {[%emt 0:00:08]} O-O {[%emt 0:01:30]} 19. Ne5 {[%emt 0:02:32]} Rfd8 {[%emt 0:09:32]} 20. Bc3 {[%emt 0:04:18]} Nd7 {[%emt 0:09:56]} 21. f4 {[%emt 0:09:48]} Nxe5 {[%emt 0:05:59]} 22. dxe5 {[%emt 0:00:37]} Rd7 {[%emt 0:07:53]} 23. Rd1 $11 {[%emt 0:01:59]} Rxd1+ {[%emt 0:12:20]} 24. Kxd1 {[%emt 0:00:03]} Rd8+ {[%emt 0:00:06]} 25. Kc2 {[%emt 0:00:07]} g6 {[%emt 0:06:36]} 26. g4 {[%emt 0:00:55]} Kg7 {[%emt 0:02:51]} 27. f5 {[%emt 0:04:28]} gxf5 {[%emt 0:08:57]} 28. gxf5 {[%emt 0:00:12]} Bg5 {[%emt 0:00:16]} 29. f6+ {[%emt 0:01:58]} Kf8 {[%emt 0:03:52]} 30. a4 {[%emt 0:09:48]} Ke8 {[%emt 0:05:34]} 31. b4 {[%emt 0:04:12]} Kf8 {[%emt 0:07:36]} 32. Re4 {[%emt 0:05:42]} Kg8 {[%emt 0:04:22]} 33. Bd4 {[%emt 0:01:20]} a6 {[%emt 0:01:09]} 34. Rg4 {[%emt 0:02:30]} Kh7 {[%emt 0:00:26]} 35. Kc3 {[%emt 0:00:22]} b5 {[%emt 0:02:28]} 36. axb5 {[%emt 0:00:59]} axb5 {[%emt 0:00:06]} 37. Bb6 {[%emt 0:00:14]} Rb8 {[%emt 0:01:46]} 38. c5 {[%emt 0:00:40]} Rb7 {[%emt 0:00:31]} 39. Rd4 {[%emt 0:00:33]} Be3 {[%emt 0:00:21]} 40. Rd6 {[%emt 0:00:25]} Bf4 {[%emt 0:00:13]} 41. Kd4 {[%emt 0:30:53]} Bd2 {[%emt 0:30:37]} 42. Rxc6 {[%emt 0:00:27]} Bxb4 {[%emt 0:00:00]} 43. Rc7 {[%emt 0:00:00]} Rxc7 {[%emt 0:00:00]} 44. Bxc7 {[%emt 0:00:00]} Be1 {[%emt 0:00:00]} 45. c6 {[%emt 0:00:00]} Kg8 {[%emt 0:00:00]} 46. Bd6 1-0

[Event "CZE-ch Youth B14 2022"]
[Site "Luhacovice"]
[Date "2022.03.12"]
[Round "1.9"]
[White "Mrazek, Adam"]
[Black "Soucek, Jan"]
[Result "0-1"]
[WhiteElo "1582"]
[BlackElo "1849"]
[Annotator "NA RC"]
[PlyCount "114"]
[EventDate "2022.03.12"]
[EventType "swiss"]
[EventCountry "CZE"]
[SourceTitle "playchess.com"]
[Source "ChessBase"]
[SourceQuality "1"]
[TimeControl "40/5400+30:1800+30"]

1. d4 {[%emt 0:00:02]} d5 {[%emt 0:00:21]} 2. c4 {[%emt 0:00:22]} c6 {[%emt 0:00:16]} 3. Nc3 {[%emt 0:00:35]} Nf6 {[%emt 0:00:09]} 4. Nf3 {[%emt 0:01:05]} dxc4 {[%emt 0:00:18]} 5. a4 {[%emt 0:04:06]} Bf5 {[%emt 0:00:19]} 6. Bg5 {[%emt 0:03:58]} Nd5 {[%emt 0:11:05]} 7. e4 {[%emt 0:08:56]} Nxc3 {[%emt 0:00:41]} 8. bxc3 {[%emt 0:00:17]} Bxe4 {[%emt 0:00:47]} 9. Bxc4 {[%emt 0:02:20]} Bd5 {[%emt 0:26:50]} 10. Bd3 {[%emt 0:20:38]} g6 {[%emt 0:00:23]} 11. O-O {[%emt 0:01:56]} Bg7 {[%emt 0:00:19]} 12. Re1 {[%emt 0:01:11]} f6 {[%emt 0:00:41]} 13. Bf4 {[%emt 0:01:28]} O-O {[%emt 0:01:00]} 14. Qe2 {[%emt 0:04:37]} Re8 {[%emt 0:14:35]} 15. Rab1 {[%emt 0:12:30]} b6 {[%emt 0:07:01]} 16. Bc4 {[%emt 0:25:10]} e6 {[%emt 0:12:45]} 17. Bg3 {[%emt 0:06:55]} Nd7 {[%emt 0:08:43]} 18. Bxd5 {[%emt 0:00:17]} cxd5 {[%emt 0:00:50]} 19. c4 {[%emt 0:01:13]} Nf8 {[%emt 0:01:07]} 20. cxd5 {[%emt 0:01:02]} Qxd5 {[%emt 0:00:51]} 21. Qb5 {[%emt 0:00:43]} Kf7 {[%emt 0:07:08]} 22. Rbc1 {[%emt 0:01:12]} Rec8 {[%emt 0:01:49]} 23. Qa6 {[%emt 0:00:45]} Qd7 {[%emt 0:00:54]} 24. Qb5 {[%emt 0:00:33]} Bh6 {[%emt 0:00:33]} 25. Rxc8 {[%emt 0:00:37]} Rxc8 {[%emt 0:00:08]} 26. Qxd7+ {[%emt 0:00:31]} (26. h4 $17) 26... Nxd7 {[%emt 0:00:01]} 27. h3 {[%emt 0:00:28]} Rc4 {[%emt 0:00:36]} 28. Ra1 {[%emt 0:00:28]} Bc1 {[%emt 0:01:32]} 29. Ra2 {[%emt 0:00:30]} a6 {[%emt 0:01:28]} 30. Kf1 {[%emt 0:00:29]} b5 {[%emt 0:00:45]} 31. axb5 {[%emt 0:00:23]} axb5 {[%emt 0:00:01]} 32. Bd6 {[%emt 0:00:25]} (32. Ra7 $15 Ke7 33. Ke2) 32... Nb6 {[%emt 0:01:20]} 33. Ra7+ {[%emt 0:00:38]} Ke8 {[%emt 0:00:12]} 34. Re7+ {[%emt 0:00:35]} Kd8 {[%emt 0:00:09]} 35. Rxe6 {[%emt 0:00:29]} Kd7 {[%emt 0:01:12]} 36. Rxf6 {[%emt 0:00:13]} Kc8 {[%emt 0:00:24]} 37. Bc5 {[%emt 0:00:35]} Nd7 {[%emt 0:00:19]} 38. Rf7 {[%emt 0:00:41]} Nxc5 {[%emt 0:00:11]} 39. dxc5 {[%emt 0:00:08]} b4 {[%emt 0:00:22]} 40. Ne5 {[%emt 0:00:45]} ({Not} 40. Rxh7 $2 b3 41. Rh8+ Kb7 42. Rh7+ Ka6 $19) 40... Rxc5 {[%emt 0:00:25]} 41. Nd3 {[%emt 0:30:33]} Rc4 {[%emt 0:31:46]} 42. Rxh7 {[%emt 0:00:00]} b3 {[%emt 0:00:00]} 43. Rg7 {[%emt 0:00:00]} Rc2 {[%emt 0:00:00]} 44. Rxg6 {[%emt 0:00:00]} Kc7 {[%emt 0:00:00]} 45. Rg4 {[%emt 0:00:00]} Kc6 {[%emt 0:00:00]} 46. Nb4+ {[%emt 0:00:00]} Kb5 $1 {[%emt 0:00:00]} 47. Nxc2 $4 {[%emt 0:00:19]} (47. Nd3 $11 Ba3 48. h4) 47... bxc2 {[%emt 0:00:00]} 48. Rg8 {[%emt 0:03:17]} Ba3 {[%emt 0:00:07]} 49. Rb8+ $19 {[%emt 0:00:33]} Kc4 {[%emt 0:00:19]} 50. Ke2 {[%emt 0:00:31]} c1=Q {[%emt 0:00:11]} 51. Kf3 {[%emt 0:00:28]} Qc3+ {[%emt 0:00:34]} 52. Kg4 {[%emt 0:00:21]} Qd4+ {[%emt 0:00:04]} 53. f4 {[%emt 0:00:22]} Bd6 {[%emt 0:00:28]} 54. Rc8+ {[%emt 0:00:09]} Kd3 {[%emt 0:00:08]} 55. g3 {[%emt 0:00:15]} Qg7+ {[%emt 0:00:11]} 56. Kh4 {[%emt 0:00:27]} Be7+ {[%emt 0:00:08]} 57. Kh5 {[%emt 0:00:34]} Qf7+ {[%emt 0:00:02]} 0-1

[Event "CZE-ch Youth B14 2022"]
[Site "Luhacovice"]
[Date "2022.03.12"]
[Round "1.10"]
[White "Juracak, David"]
[Black "Siles, Jan"]
[Result "0-1"]
[WhiteElo "1717"]
[BlackElo "1548"]
[Annotator "NA"]
[PlyCount "68"]
[EventDate "2022.03.12"]
[EventType "swiss"]
[EventCountry "CZE"]
[SourceTitle "playchess.com"]
[Source "ChessBase"]
[SourceQuality "1"]
[TimeControl "40/5400+30:1800+30"]

1. d4 {[%emt 0:00:02]} d5 {[%emt 0:00:16]} 2. c4 {[%emt 0:00:08]} e6 {[%emt 0:00:29]} 3. Nf3 {[%emt 0:00:13]} Nf6 {[%emt 0:00:47]} 4. e3 {[%emt 0:00:07]} c5 {[%emt 0:00:45]} 5. Nc3 {[%emt 0:00:20]} Nc6 {[%emt 0:01:21]} 6. Bd3 {[%emt 0:02:57]} Bd6 {[%emt 0:06:25]} 7. O-O {[%emt 0:04:04]} O-O {[%emt 0:01:56]} 8. Re1 {[%emt 0:04:00]} Re8 {[%emt 0:03:56]} 9. b3 {[%emt 0:05:10]} b6 {[%emt 0:03:09]} 10. Bb2 {[%emt 0:01:49]} Bb7 {[%emt 0:00:45]} 11. Rc1 {[%emt 0:01:29]} Rc8 {[%emt 0:01:46]} 12. Bb1 {[%emt 0:15:59]} cxd4 {[%emt 0:07:32]} 13. Nxd4 {[%emt 0:09:06]} dxc4 {[%emt 0:03:26]} 14. Nxc6 {[%emt 0:00:11]} Bxc6 {[%emt 0:01:29]} 15. bxc4 {[%emt 0:00:56]} Qe7 {[%emt 0:10:36]} 16. Nb5 {[%emt 0:06:04]} Bb4 {[%emt 0:04:25]} 17. Re2 {[%emt 0:01:30]} Red8 {[%emt 0:02:14]} 18. Qa4 {[%emt 0:03:44]} a5 {[%emt 0:13:22]} 19. a3 {[%emt 0:08:11]} Bc5 {[%emt 0:00:23]} 20. Qb3 {[%emt 0:00:42]} Ne4 {[%emt 0:05:02]} 21. Nd4 {[%emt 0:07:47]} Bb7 {[%emt 0:06:32]} 22. Bd3 {[%emt 0:11:39]} Rd7 {[%emt 0:09:51]} 23. Qc2 {[%emt 0:00:49]} f5 {[%emt 0:02:03]} 24. Qb3 {[%emt 0:04:21]} Rcd8 {[%emt 0:01:27]} 25. Rd1 {[%emt 0:00:22]} Qe8 {[%emt 0:06:05]} 26. Bxe4 {[%emt 0:05:36]} Bxe4 {[%emt 0:00:54]} 27. Red2 {[%emt 0:02:35]} Qg6 {[%emt 0:02:23]} 28. f3 {[%emt 0:00:19]} Bb7 {[%emt 0:00:20]} 29. Qc2 {[%emt 0:01:08]} e5 {[%emt 0:01:50]} 30. Nxf5 {[%emt 0:02:48]} Rxd2 {[%emt 0:00:46]} 31. Rxd2 {[%emt 0:00:26]} Rxd2 {[%emt 0:00:12]} 32. Qxd2 {[%emt 0:00:23]} Qxf5 {[%emt 0:00:17]} 33. Qd8+ {[%emt 0:00:40]} Qf8 {[%emt 0:00:08]} 34. Qd3 {[%emt 0:00:16]} Qd6 {[%emt 0:00:30]} 0-1

[Event "CZE-ch Youth B14 2022"]
[Site "Luhacovice"]
[Date "2022.03.12"]
[Round "1.11"]
[White "Vysinsky, Otakar"]
[Black "Jasso, Matej"]
[Result "1/2-1/2"]
[WhiteElo "1534"]
[BlackElo "1726"]
[Annotator "NA RC"]
[PlyCount "95"]
[EventDate "2022.03.12"]
[EventType "swiss"]
[EventCountry "CZE"]
[SourceTitle "playchess.com"]
[Source "ChessBase"]
[SourceQuality "1"]
[TimeControl "40/5400+30:1800+30"]

1. d4 {[%emt 0:00:04]} d5 {[%emt 0:00:13]} 2. Bf4 {[%emt 0:00:11]} Nf6 {[%emt 0:00:36]} 3. e3 {[%emt 0:00:24]} c5 {[%emt 0:02:14]} 4. c3 {[%emt 0:01:18]} Nc6 {[%emt 0:00:19]} 5. Bd3 {[%emt 0:02:31]} Bg4 {[%emt 0:03:02]} 6. f3 {[%emt 0:07:21]} Bh5 {[%emt 0:01:19]} 7. Nd2 {[%emt 0:02:26]} e6 {[%emt 0:02:27]} 8. Ne2 {[%emt 0:07:05]} Be7 {[%emt 0:06:09]} 9. O-O {[%emt 0:09:30]} O-O {[%emt 0:03:25]} 10. Kh1 {[%emt 0:03:43]} Rc8 {[%emt 0:03:09]} 11. Rc1 {[%emt 0:05:15]} Bg6 {[%emt 0:19:59]} 12. Bxg6 {[%emt 0:07:07]} hxg6 {[%emt 0:00:24]} 13. Bg3 {[%emt 0:13:24]} Qb6 {[%emt 0:07:46]} 14. a4 {[%emt 0:07:21]} Na5 {[%emt 0:03:06]} 15. Rb1 {[%emt 0:06:04]} Nc4 {[%emt 0:05:23]} 16. Nxc4 {[%emt 0:01:13]} dxc4 {[%emt 0:00:09]} 17. e4 {[%emt 0:02:32]} Rfd8 {[%emt 0:06:36]} 18. Qc2 {[%emt 0:02:33]} Qc6 {[%emt 0:07:25]} 19. Rbd1 {[%emt 0:01:51]} Rd7 {[%emt 0:01:44]} 20. Rd2 {[%emt 0:00:54]} Rcd8 {[%emt 0:00:49]} 21. Rfd1 {[%emt 0:00:13]} Nh5 {[%emt 0:00:42]} 22. e5 {[%emt 0:11:05]} Nxg3+ {[%emt 0:00:47]} 23. hxg3 {[%emt 0:01:23]} a6 {[%emt 0:04:11]} 24. f4 {[%emt 0:02:54]} Qc7 {[%emt 0:06:09]} 25. Qe4 {[%emt 0:01:52]} Qa5 {[%emt 0:00:35]} 26. Qc2 {[%emt 0:01:02]} Rd5 {[%emt 0:01:28]} 27. Kg1 {[%emt 0:01:26]} cxd4 {[%emt 0:01:05]} 28. Nxd4 {[%emt 0:00:52]} Bc5 {[%emt 0:00:12]} 29. Kf1 {[%emt 0:00:38]} Bxd4 {[%emt 0:01:27]} 30. Rxd4 {[%emt 0:00:12]} Rxd4 {[%emt 0:00:29]} 31. Rxd4 {[%emt 0:00:22]} Rxd4 {[%emt 0:00:42]} 32. cxd4 {[%emt 0:00:01]} Qd5 {[%emt 0:00:14]} 33. Qc3 {[%emt 0:01:18]} b5 {[%emt 0:00:23]} 34. axb5 {[%emt 0:00:18]} axb5 {[%emt 0:00:06]} 35. Qd2 {[%emt 0:00:57]} Qe4 {[%emt 0:00:55]} 36. Qc3 {[%emt 0:00:35]} b4 {[%emt 0:01:38]} 37. Qxb4 {[%emt 0:00:34]} Qxd4 {[%emt 0:00:12]} 38. Qc3 {[%emt 0:00:27]} Qd5 {[%emt 0:01:33]} 39. Kf2 {[%emt 0:00:30]} Kh7 {[%emt 0:01:35]} 40. Kf1 {[%emt 0:00:30]} Kh6 {[%emt 0:03:39]} 41. Kf2 {[%emt 0:30:31]} g5 {[%emt 0:32:09]} 42. Qe3 {[%emt 0:00:00]} gxf4 {[%emt 0:00:00]} 43. gxf4 {[%emt 0:00:00]} Kh7 {[%emt 0:00:00]} 44. Qh3+ {[%emt 0:00:00]} Kg8 {[%emt 0:00:00]} 45. Qc3 {[%emt 0:00:00]} g6 {[%emt 0:00:00]} 46. g3 {[%emt 0:00:00]} Kg7 {[%emt 0:00:00]} 47. Qe3 {[%emt 0:00:00]} Qb5 {[%emt 0:00:00]} 48. Qd2 {[%emt 0:00:00]} 1/2-1/2

[Event "CZE-ch Youth B14 2022"]
[Site "Luhacovice"]
[Date "2022.03.13"]
[Round "2.1"]
[White "Soucek, Jan"]
[Black "Prazak, Daniel"]
[Result "0-1"]
[WhiteElo "1849"]
[BlackElo "2016"]
[Annotator "NA"]
[PlyCount "72"]
[EventDate "2022.03.12"]
[EventType "swiss"]
[EventCountry "CZE"]
[SourceTitle "playchess.com"]
[Source "ChessBase"]
[SourceQuality "1"]
[TimeControl "40/5400+30:1800+30"]

1. d4 {[%emt 0:00:20]} Nf6 {[%emt 0:00:14]} 2. Bg5 {[%emt 0:00:24]} e6 {[%emt 0:00:26]} 3. e4 {[%emt 0:00:13]} d5 {[%emt 0:03:45]} 4. Bxf6 Qxf6 {[%emt 0:00:44]} 5. e5 {[%emt 0:24:31]} Qd8 {[%emt 0:00:39]} 6. c3 {[%emt 0:04:03]} c5 {[%emt 0:00:28]} 7. Nf3 {[%emt 0:02:00]} Nc6 {[%emt 0:00:44]} 8. a3 {[%emt 0:00:38]} c4 $11 {[%emt 0:04:03]} 9. Nbd2 {[%emt 0:01:53]} Bd7 {[%emt 0:03:06]} 10. b4 {[%emt 0:16:10]} cxb3 {[%emt 0:00:48]} 11. Qxb3 {[%emt 0:00:22]} Na5 {[%emt 0:02:04]} 12. Qb2 {[%emt 0:00:30]} Rc8 {[%emt 0:01:01]} 13. Rc1 {[%emt 0:04:00]} Qb6 {[%emt 0:08:39]} 14. Qxb6 {[%emt 0:01:06]} axb6 {[%emt 0:00:08]} 15. Nb1 {[%emt 0:00:41]} b5 {[%emt 0:06:32]} 16. Rc2 {[%emt 0:15:41]} Nc4 {[%emt 0:02:49]} 17. Bxc4 {[%emt 0:04:20]} bxc4 {[%emt 0:00:15]} 18. Rb2 {[%emt 0:00:18]} b5 {[%emt 0:01:15]} 19. Ke2 {[%emt 0:00:18]} Ra8 {[%emt 0:01:12]} 20. Ne1 {[%emt 0:00:35]} Be7 {[%emt 0:00:51]} 21. Nc2 {[%emt 0:04:03]} O-O {[%emt 0:02:07]} 22. Nb4 {[%emt 0:00:56]} Ra4 {[%emt 0:01:29]} 23. f4 {[%emt 0:09:28]} f6 {[%emt 0:02:17]} 24. Rf1 {[%emt 0:02:52]} Be8 {[%emt 0:01:02]} 25. g3 {[%emt 0:05:29]} Bg6 {[%emt 0:01:40]} 26. exf6 {[%emt 0:01:56]} Bxb4 {[%emt 0:01:44]} 27. fxg7 {[%emt 0:00:22]} Bd3+ {[%emt 0:05:56]} 28. Kf2 {[%emt 0:00:34]} Rc8 {[%emt 0:00:30]} 29. cxb4 {[%emt 0:00:27]} c3 {[%emt 0:00:26]} 30. Rc1 {[%emt 0:00:47]} cxb2 {[%emt 0:00:28]} 31. Rxc8+ {[%emt 0:00:01]} Kxg7 {[%emt 0:00:02]} 32. Rc3 {[%emt 0:00:59]} Bxb1 {[%emt 0:00:19]} 33. Rb3 {[%emt 0:00:01]} Rxa3 {[%emt 0:00:08]} 34. Rxb2 {[%emt 0:00:16]} Be4 {[%emt 0:00:22]} 35. Ke2 {[%emt 0:01:11]} Rd3 {[%emt 0:00:13]} 36. Rd2 {[%emt 0:00:11]} Rb3 {[%emt 0:00:02]} 0-1

[Event "CZE-ch Youth B14 2022"]
[Site "Luhacovice"]
[Date "2022.03.13"]
[Round "2.2"]
[White "Hladky, Tadeas"]
[Black "Tesar, Jakub"]
[Result "1-0"]
[WhiteElo "2029"]
[BlackElo "1660"]
[Annotator "NA"]
[PlyCount "89"]
[EventDate "2022.03.12"]
[EventType "swiss"]
[EventCountry "CZE"]
[SourceTitle "playchess.com"]
[Source "ChessBase"]
[SourceQuality "1"]
[TimeControl "40/5400+30:1800+30"]

1. e4 {[%emt 0:00:05]} e6 {[%emt 0:00:10]} 2. d4 {[%emt 0:00:10]} d5 {[%emt 0:00:09]} 3. Nd2 {[%emt 0:00:36]} c5 {[%emt 0:00:11]} 4. exd5 {[%emt 0:00:48]} Qxd5 {[%emt 0:00:17]} 5. Ngf3 {[%emt 0:01:58]} cxd4 {[%emt 0:00:19]} 6. Bc4 {[%emt 0:01:44]} Qc5 {[%emt 0:00:23]} 7. Qe2 {[%emt 0:02:09]} Nc6 {[%emt 0:00:27]} 8. Nb3 {[%emt 0:04:05]} Qb6 {[%emt 0:00:20]} 9. O-O $1 {[%emt 0:03:52]} Be7 {[%emt 0:00:57]} 10. Rd1 {[%emt 0:03:56]} Bf6 {[%emt 0:00:20]} 11. a4 {[%emt 0:02:08]} Nge7 {[%emt 0:00:18]} 12. a5 {[%emt 0:02:28]} Qc7 {[%emt 0:00:26]} 13. Nfxd4 {[%emt 0:00:46]} Nxd4 {[%emt 0:00:17]} 14. Nxd4 {[%emt 0:00:08]} a6 $1 {[%emt 0:00:17]} 15. Be3 {[%emt 0:09:11]} O-O $14 {[%emt 0:03:29]} 16. c3 {[%emt 0:03:26]} Bd7 {[%emt 0:06:31]} 17. Nf3 {[%emt 0:01:31]} Bc6 {[%emt 0:07:37]} 18. Bb6 {[%emt 0:02:14]} Qf4 {[%emt 0:11:58]} 19. Nd4 {[%emt 0:01:10]} Bd5 {[%emt 0:03:53]} 20. Bxd5 {[%emt 0:01:33]} exd5 {[%emt 0:06:57]} 21. g3 {[%emt 0:05:44]} Qe4 {[%emt 0:12:24]} 22. Qxe4 {[%emt 0:04:48]} dxe4 {[%emt 0:00:09]} 23. Re1 {[%emt 0:00:09]} Nd5 {[%emt 0:00:36]} 24. Rxe4 {[%emt 0:01:46]} Nxb6 25. axb6 {[%emt 0:00:19]} Rad8 {[%emt 0:09:31]} 26. Ra4 {[%emt 0:00:44]} Rd6 {[%emt 0:06:41]} 27. Rb4 {[%emt 0:00:33]} g6 {[%emt 0:02:56]} 28. Nb3 {[%emt 0:02:19]} Rc8 {[%emt 0:05:45]} 29. Na5 {[%emt 0:02:23]} Rd7 {[%emt 0:00:10]} 30. Rbc4 {[%emt 0:13:12]} Rxc4 {[%emt 0:01:59]} 31. Rxc4 {[%emt 0:00:05]} Rd6 {[%emt 0:09:13]} 32. Rc8+ {[%emt 0:01:29]} Kg7 {[%emt 0:00:08]} 33. Nc4 {[%emt 0:00:35]} Rd7 {[%emt 0:08:24]} 34. Rc7 {[%emt 0:01:09]} Re7 {[%emt 0:00:28]} 35. Nd6 {[%emt 0:03:37]} Re6 {[%emt 0:00:45]} 36. Rxf7+ {[%emt 0:02:54]} Kg8 {[%emt 0:00:09]} 37. Rd7 {[%emt 0:00:06]} Be7 {[%emt 0:03:35]} 38. Nc8 {[%emt 0:02:07]} Bc5 {[%emt 0:00:41]} 39. Rxb7 {[%emt 0:00:36]} Re1+ {[%emt 0:00:22]} 40. Kg2 {[%emt 0:00:04]} Re2 {[%emt 0:00:10]} 41. Rc7 {[%emt 0:34:12]} Bxf2 {[%emt 0:30:39]} 42. Kf3 {[%emt 0:00:10]} Rxb2 {[%emt 0:00:10]} 43. b7 {[%emt 0:00:07]} Bg1 {[%emt 0:00:00]} 44. Ne7+ {[%emt 0:00:00]} Kf8 {[%emt 0:00:00]} 45. Nc6 {[%emt 0:00:00]} 1-0

[Event "CZE-ch Youth B14 2022"]
[Site "Luhacovice"]
[Date "2022.03.13"]
[Round "2.3"]
[White "Kubin, Tomas Daniel"]
[Black "Buchta, Bartolomej"]
[Result "1/2-1/2"]
[WhiteElo "1666"]
[BlackElo "1901"]
[Annotator "NA"]
[PlyCount "118"]
[EventDate "2022.03.12"]
[EventType "swiss"]
[EventCountry "CZE"]
[SourceTitle "playchess.com"]
[Source "ChessBase"]
[SourceQuality "1"]
[TimeControl "40/5400+30:1800+30"]

1. e4 {[%emt 0:00:04]} c5 {[%emt 0:00:08]} 2. Nf3 {[%emt 0:00:09]} d6 {[%emt 0:00:05]} 3. d4 {[%emt 0:00:08]} cxd4 {[%emt 0:00:05]} 4. Nxd4 {[%emt 0:00:08]} Nf6 {[%emt 0:00:07]} 5. Nc3 {[%emt 0:00:08]} a6 {[%emt 0:00:04]} 6. Be2 {[%emt 0:00:15]} e6 {[%emt 0:00:28]} 7. O-O {[%emt 0:00:30]} Qc7 {[%emt 0:00:23]} 8. a4 {[%emt 0:01:07]} b6 {[%emt 0:00:10]} 9. f4 {[%emt 0:00:46]} Bb7 {[%emt 0:00:11]} 10. Bf3 {[%emt 0:00:22]} Be7 {[%emt 0:00:24]} 11. Qe1 {[%emt 0:17:46]} O-O {[%emt 0:01:17]} 12. Qg3 {[%emt 0:01:45]} Kh8 {[%emt 0:01:08]} 13. Nb3 $11 {[%emt 0:09:41]} Nbd7 {[%emt 0:10:18]} 14. Be3 {[%emt 0:02:58]} e5 {[%emt 0:04:56]} 15. fxe5 {[%emt 0:10:01]} Nxe5 {[%emt 0:00:07]} 16. Bd4 {[%emt 0:00:51]} Nfd7 {[%emt 0:03:19]} 17. Rf2 {[%emt 0:10:07]} Bf6 {[%emt 0:04:54]} 18. Nd5 {[%emt 0:02:24]} Bxd5 {[%emt 0:00:10]} 19. exd5 {[%emt 0:00:08]} Nxf3+ {[%emt 0:04:10]} 20. Qxf3 {[%emt 0:00:34]} Ne5 {[%emt 0:01:24]} 21. Qg3 {[%emt 0:06:08]} b5 {[%emt 0:08:21]} 22. axb5 {[%emt 0:05:38]} axb5 {[%emt 0:05:26]} 23. Rd1 {[%emt 0:00:14]} Ra4 {[%emt 0:02:03]} 24. Rxf6 {[%emt 0:13:39]} gxf6 {[%emt 0:09:47]} 25. Qf2 {[%emt 0:01:05]} Qe7 {[%emt 0:03:04]} 26. Rf1 {[%emt 0:00:40]} Rg8 {[%emt 0:02:26]} 27. Qxf6+ {[%emt 0:02:37]} Qxf6 {[%emt 0:00:33]} 28. Rxf6 {[%emt 0:00:05]} Rg7 {[%emt 0:04:35]} 29. Kf1 {[%emt 0:00:40]} Rg4 {[%emt 0:20:09]} 30. c3 {[%emt 0:05:16]} Ra2 {[%emt 0:00:09]} 31. Rxd6 {[%emt 0:01:04]} Rf4+ {[%emt 0:00:05]} 32. Ke1 {[%emt 0:01:10]} f6 {[%emt 0:00:05]} 33. Rxf6 {[%emt 0:02:00]} Rxf6 {[%emt 0:00:04]} 34. Bxe5 {[%emt 0:00:04]} Kg7 {[%emt 0:00:30]} 35. Nd4 {[%emt 0:03:13]} Rxb2 {[%emt 0:03:02]} 36. d6 {[%emt 0:03:02]} Kg6 {[%emt 0:00:18]} 37. d7 {[%emt 0:01:36]} Rf8 {[%emt 0:05:38]} 38. Ne6 {[%emt 0:00:08]} Ra8 {[%emt 0:01:04]} 39. d8=Q {[%emt 0:00:54]} Rxd8 {[%emt 0:00:10]} 40. Nxd8 {[%emt 0:00:04]} Rxg2 {[%emt 0:00:07]} 41. Nc6 {[%emt 0:04:23]} Kf5 {[%emt 0:03:28]} 42. Bg3 {[%emt 0:02:45]} Ke4 {[%emt 0:02:08]} 43. Nd4 {[%emt 0:03:50]} Rb2 {[%emt 0:03:11]} 44. Kd1 {[%emt 0:07:40]} b4 {[%emt 0:05:40]} 45. Ne2 {[%emt 0:09:36]} b3 {[%emt 0:02:32]} 46. Nd4 {[%emt 0:02:23]} Kd3 {[%emt 0:02:29]} 47. Kc1 {[%emt 0:00:37]} Rg2 {[%emt 0:01:27]} 48. Nxb3 {[%emt 0:01:59]} Kxc3 {[%emt 0:00:43]} 49. Kd1 {[%emt 0:00:24]} Kxb3 {[%emt 0:00:16]} 50. Ke1 {[%emt 0:00:12]} Kc3 {[%emt 0:00:28]} 51. Kf1 {[%emt 0:00:05]} Ra2 {[%emt 0:00:11]} 52. Bf2 {[%emt 0:00:42]} Kd3 {[%emt 0:00:19]} 53. Kg2 {[%emt 0:00:56]} Ke4 {[%emt 0:02:22]} 54. Kg3 {[%emt 0:00:48]} h5 {[%emt 0:01:22]} 55. Bc5 {[%emt 0:01:05]} h4+ {[%emt 0:01:26]} 56. Kh3 {[%emt 0:00:48]} Kf4 {[%emt 0:02:03]} 57. Bd6+ {[%emt 0:00:15]} Kg5 {[%emt 0:00:54]} 58. Be7+ {[%emt 0:00:13]} Kf4 {[%emt 0:00:11]} 59. Bd6+ {[%emt 0:00:17]} Kf5 {[%emt 0:00:22]} 1/2-1/2

[Event "CZE-ch Youth B14 2022"]
[Site "Luhacovice"]
[Date "2022.03.13"]
[Round "2.4"]
[White "Zrubek, Dan"]
[Black "Fizer, Marek"]
[Result "0-1"]
[WhiteElo "1478"]
[BlackElo "1876"]
[Annotator "NA"]
[PlyCount "68"]
[EventDate "2022.03.12"]
[EventType "swiss"]
[EventCountry "CZE"]
[SourceTitle "playchess.com"]
[Source "ChessBase"]
[SourceQuality "1"]
[TimeControl "40/5400+30:1800+30"]

1. e4 {[%emt 0:00:03]} c5 {[%emt 0:00:07]} 2. Nf3 {[%emt 0:00:04]} d6 {[%emt 0:00:09]} 3. d4 {[%emt 0:00:16]} cxd4 {[%emt 0:00:10]} 4. Nxd4 {[%emt 0:00:07]} Nf6 {[%emt 0:00:12]} 5. Nc3 {[%emt 0:00:20]} Nc6 {[%emt 0:00:18]} 6. Be3 {[%emt 0:00:57]} e5 {[%emt 0:00:10]} 7. Nde2 {[%emt 0:03:01]} Be7 {[%emt 0:01:54]} 8. g3 {[%emt 0:02:58]} Ng4 {[%emt 0:06:37]} 9. Nd5 {[%emt 0:04:31]} Nxe3 {[%emt 0:02:18]} 10. Nxe3 {[%emt 0:01:17]} O-O {[%emt 0:02:28]} 11. Bg2 {[%emt 0:04:26]} (11. h4 $14) 11... Be6 {[%emt 0:03:36]} 12. Nc3 $11 {[%emt 0:03:39]} Qb6 {[%emt 0:05:08]} 13. Rb1 {[%emt 0:04:56]} Bg5 {[%emt 0:05:03]} 14. Ned5 {[%emt 0:16:01]} Bxd5 {[%emt 0:00:13]} 15. Nxd5 {[%emt 0:01:55]} Qa5+ {[%emt 0:00:25]} 16. Nc3 {[%emt 0:10:36]} Nd4 {[%emt 0:02:44]} 17. O-O {[%emt 0:03:03]} Rac8 {[%emt 0:06:00]} 18. f4 {[%emt 0:02:23]} Bd8 {[%emt 0:00:35]} 19. Rc1 {[%emt 0:01:36]} Qb6 {[%emt 0:02:13]} 20. Na4 {[%emt 0:04:30]} Qb5 {[%emt 0:02:35]} 21. b3 {[%emt 0:15:24]} Ne2+ {[%emt 0:00:28]} 22. Kh1 {[%emt 0:00:08]} Nxc1 {[%emt 0:00:17]} 23. Qxc1 {[%emt 0:01:32]} Qe2 {[%emt 0:00:18]} 24. c4 {[%emt 0:02:14]} Qxa2 {[%emt 0:00:22]} 25. Qd1 {[%emt 0:00:49]} Ba5 {[%emt 0:06:06]} 26. Rf3 {[%emt 0:02:12]} b5 {[%emt 0:02:58]} 27. cxb5 {[%emt 0:06:07]} Rc2 {[%emt 0:00:35]} 28. Qg1 {[%emt 0:02:07]} Rfc8 {[%emt 0:04:28]} 29. Bh3 {[%emt 0:02:29]} Rc1 {[%emt 0:02:20]} 30. Bf1 {[%emt 0:01:36]} R8c2 {[%emt 0:01:08]} 31. fxe5 {[%emt 0:01:34]} dxe5 {[%emt 0:00:32]} 32. h3 {[%emt 0:00:19]} h6 {[%emt 0:02:10]} 33. g4 {[%emt 0:00:25]} Bd2 {[%emt 0:01:27]} 34. Qxa7 {[%emt 0:02:01]} Bf4 {[%emt 0:00:24]} 0-1